000 02038cam a22004694i 4500
003 PE-LiUPU
005 20250731173354.0
008 150706s2006 xxk r 000 0 sp d
020 _a9789968881090
035 _a(Sirsi) i9789968881090
040 _aPE-LiUPU
_bspa
_cPE-LiUPU
_erda
049 _aPRUA
082 0 4 _a232.95
_bB85
_221
100 1 _aBruce, Alexander B.,
_eautor.
245 1 0 _aTres años con Jesús :
_bla capacitación de los doce /
_cAlexander B. Bruce.
264 1 _aCosta Rica :
_bDesarrollo Cristiano Internacional,
_c2006.
300 _a261 páginas ;
_c21 centímetros
336 _atext
_2rdacontent
337 _aunmediated
_2rdamedia
338 _avolume
_2rdacarrier
505 0 _aLos comienzos -- Pescadores de hombres -- Mateo el publicano -- Los doce -- Lo que vieron y oyeron -- Lecciones sobre la oración -- La naturaleza de la verdadera santidad -- Los primeros intentos de evangelización -- La crisis galilea -- La levadura de los fariseos y de los saduceos -- La confesión de Pedro -- La primera lección sobre la cruz -- La transfiguración -- Jesús forja el carácter de los discípulos -- Los hijos del trueno.
526 _aSEG42
526 _aSEG41
526 _aSEG40
526 _aSEG39
526 _aP94
526 _aP87
526 _aP86
526 _aP85
526 _aP77
526 _aP76
526 _aP35
541 _g004353;
650 0 4 _aApóstoles.
700 1 _aDongo Palacios, Carla,
_etraductor.
910 _bjv
_clch
_d20100824
942 _2ddc
_cBOOK
949 _a232.95 B85 1
_wDEWEY
_c1
_i62027
_d2016-4-21
_e2016-4-21
_lCCODEBUL1
_mBUL
_n1
_p3.00
_r0
_sY
_tBOOK
_u2015-7-6
_xTEOLOGIA
_PP35
_0COMPRA
_o.STAFF. Colección Teología
994 _aC0
_bPEPRU
596 _a1
999 _a232.95 B85 1
_wDEWEY
_c51142
_i62027
_d51142
_e2016-4-21
_f2021-11-10
_g5
_lCCODEBUL1
_mBUL
_n1
_p3.00
_r0
_sY
_tBOOK
_u2015-7-6
_xTEOLOGIA
_PP35
_0COMPRA
_o.STAFF. Colección Teología
980 _81
_gALBERTO SANCHEZ Responsable de Automatización